000 00677nam a2200205 i 4500
001 85797
003 ES-MaACL
005 20230906175319.0
007 t|
008 041201s1986 sp ||||1| spa d
020 _a84-7351-187-5
100 1 _aJunquera González, Juan.
_967312
245 1 3 _aLa función pública en la Europa de los doce /
_cJuan Junquera González.
260 _aAlcalá de Henares :
_bInstituto Nacional de Administración Pública,
_c1986.
300 _a271 p. :
_bil. ;
_c22 cm.
490 1 _aEstudios administrativos ;
_v12
830 0 _aEstudios administrativos ;
_v12
_9181549
852 _aES-MaACL
_jL-10069
_bR.111837
999 _c85797
_d85797